|
|
|
|
| LEADER |
006310000a22002050004500 |
| 020 |
|
|
|a 1-85242-750-7
|
| 082 |
|
|
|a 833 JEL/P N9
|
| 100 |
|
|
|a Jelinek, Elfriede; Author
|
| 100 |
|
|
|a Neugroschel, Joachim; Translator
|
| 245 |
|
|
|a The piano teacher
|
| 250 |
|
|
|
| 260 |
|
|
|a London, Serpent Tail
|
| 260 |
|
|
|c 1999
|
| 460 |
|
|
|a 280p
|
| 465 |
|
|
|a GBP4.50
|
| 500 |
|
|
|a Elfried Jelinek; tr.by Joachim Neugroschel
|
| 650 |
|
|
|a German fiction
|
| 942 |
|
|
|c BK
|
| 999 |
|
|
|c 33856
|d 33856
|
| 952 |
|
|
|0 0
|1 0
|4 0
|6 833_000000000000000_JELP_N9
|7 0
|8 ENG
|9 34155
|a MGUL
|b MGUL
|d 2013-07-16
|e GBP4.50
|l 6
|o 833 JEL/P N9
|p 34257
|r 2017-10-13
|s 2017-09-18
|w 2013-07-16
|y BK
|